000 00657nam a2200205Ia 4500
003 OSt
005 20240213143319.0
008 210210b2002 xxu||||| |||| 00| 0 eng d
040 _cAL
041 _aKannada
082 _aK894.9 GIRM
100 _aGIRADDI GOVINDARAJA, Samp.
_d ಗಿರಡ್ಡಿ ಗೋವಿಂದರಾಜ.
_9150930
245 _aMirji annarayara sahitya.
_bಮಿರ್ಜಿ ಅಣ್ಣಾರಾಯರ ಸಾಹಿತ್ಯ
260 _aBengaluru
_bKarnataka Sahithya Akademi.,
_c2002
300 _a80,viii
650 _aMirji Annaraya
_9150931
690 _aKannada Criticism
_9150932
906 _aSG04216
942 _2ddc
_cBK
999 _c114928
_d114928